00439nam a2200157 a 4500001000500000005001700005008004100022020001800063050002300081100001900104245004200123260003500165300001600200520004000216650002500256312720140414131853.0060201s19uu xx 00 eng d a0-439-52312-5 aM 794.15bB63 2003 aMercado, Nancy aBoredom busters! /cby Nancy Mercado. aNew York :bScholastic,c2003. a38 p. ; cm. aActivities to do for kids like you! aCollection of games.